<?xml version="1.0" encoding="UTF-8"?>
<record
    xmlns:xsi="http://www.w3.org/2001/XMLSchema-instance"
    xsi:schemaLocation="http://www.loc.gov/MARC21/slim http://www.loc.gov/standards/marcxml/schema/MARC21slim.xsd"
    xmlns="http://www.loc.gov/MARC21/slim">

  <leader>00898nam a22001937a 4500</leader>
  <controlfield tag="001">85869</controlfield>
  <controlfield tag="005">20260430150952.0</controlfield>
  <controlfield tag="008">260430s2025    sp ||||| |||| 00| 0 spa d</controlfield>
  <datafield tag="017" ind1=" " ind2=" ">
    <subfield code="a">V 4272-2025</subfield>
  </datafield>
  <datafield tag="040" ind1=" " ind2=" ">
    <subfield code="a">M-RABA</subfield>
    <subfield code="b">spa</subfield>
    <subfield code="c">M-RABA</subfield>
  </datafield>
  <datafield tag="100" ind1="1" ind2=" ">
    <subfield code="a">Ferri Chulio, Andr&#xE9;s de Sales (</subfield>
    <subfield code="d">1947-)</subfield>
    <subfield code="9">26201</subfield>
  </datafield>
  <datafield tag="245" ind1="1" ind2="0">
    <subfield code="a">Imaginer&#xED;a de la Iglesia Parroquial de Santa Mar&#xED;a Magdalena de Sollana. 1940-1947</subfield>
  </datafield>
  <datafield tag="260" ind1=" " ind2=" ">
    <subfield code="a">Valencia</subfield>
    <subfield code="b">: La Imprenta</subfield>
    <subfield code="c">, 2025</subfield>
  </datafield>
  <datafield tag="300" ind1=" " ind2=" ">
    <subfield code="a">53 p.</subfield>
    <subfield code="b">: il. b. y n.</subfield>
    <subfield code="c">; 32 cm</subfield>
  </datafield>
  <datafield tag="500" ind1="0" ind2="0">
    <subfield code="a">Antecede al t&#xED;t.: RVDO. ANDR&#xC9;S DE SALES FERRI CHULIO. Director del Archivo de Religiosidad Popular del Arzobispado de Valencia. Acad&#xE9;mico Correspondiente de la Real Academia de Bellas de San Carlos de Valencia, de la Real Academia de la Historia y de la Real Academia de Bellas Artes de San Fernando.</subfield>
  </datafield>
  <datafield tag="650" ind1=" " ind2="7">
    <subfield code="a">Imaginer&#xED;a religiosa.</subfield>
    <subfield code="9">53830</subfield>
  </datafield>
  <datafield tag="852" ind1=" " ind2=" ">
    <subfield code="j">F-16129</subfield>
  </datafield>
  <datafield tag="942" ind1=" " ind2=" ">
    <subfield code="c">FONDOMODER</subfield>
    <subfield code="n">0</subfield>
  </datafield>
  <datafield tag="952" ind1=" " ind2=" ">
    <subfield code="0">0</subfield>
    <subfield code="1">0</subfield>
    <subfield code="2">ddc</subfield>
    <subfield code="4">0</subfield>
    <subfield code="7">0</subfield>
    <subfield code="a">RABASF</subfield>
    <subfield code="b">RABASF</subfield>
    <subfield code="c">DP2</subfield>
    <subfield code="d">2026-04-30</subfield>
    <subfield code="i">47950</subfield>
    <subfield code="l">0</subfield>
    <subfield code="o">F-16129</subfield>
    <subfield code="p">1097186</subfield>
    <subfield code="r">2026-04-30 15:10:21</subfield>
    <subfield code="w">2026-04-30</subfield>
    <subfield code="y">FONDOMODER</subfield>
  </datafield>
  <datafield tag="999" ind1=" " ind2=" ">
    <subfield code="c">85869</subfield>
    <subfield code="d">85869</subfield>
  </datafield>
</record>
